Les monarchies actuelles - Statistiques

Statistiques générales
  • Ce quiz a été pris 2 060 fois
    1 923 depuis la dernière actualisation
  • Le résultat moyen est 26 sur 45
Statistiques - réponses
Continent Pays % Correct
Royaume uni
97%
Espagne
94%
Belgique
93%
Suede
93%
Norvege
88%
Danemark
86%
Monaco
84%
Pays Bas
82%
Europe Andorre
79%
Luxembourg
77%
Asie Arabie saoudite
71%
Japon
68%
Thailande
68%
Qatar
67%
Océanie Australie
66%
Vatican
66%
Maroc
64%
Nouvelle Zelande
63%
Brunei
60%
Canada
60%
Liechtenstein
58%
Oman
58%
Bahrein
54%
Koweit
53%
Cambodge
52%
Jordanie
52%
Tonga
51%
Bhoutan
49%
Samoa
49%
Tuvalu
48%
Malaisie
47%
Barbade
45%
Jamaique
43%
Saint Vincent et les Grenadines
43%
Amerique Antigua et Barbuda
42%
Bahamas
42%
Sainte Lucie
42%
Iles Salomon
41%
Grenade
39%
Saint Christophe et Nieves
38%
Afrique Lesotho
37%
Swaziland
37%
Belize
36%
Papouasie Nouvelle Guinée
33%
Emirats Arabes Unis
21%
Aucun quiz correspondant
Distribution des résultats
% des personnes avec chaque résultat
Percentile par nombre de réponses
Votre historique - résultats
Vous n’avez pas pris ce quiz depuis la dernière actualisation